Civil Procedure with Limitation Act, 1963/ (Record no. 1311807)

MARC details
000 -LEADER
fixed length control field 00732nam a22002537a 4500
005 - DATE AND TIME OF LATEST TRANSACTION
control field 20260316164847.0
008 - FIXED-LENGTH DATA ELEMENTS--GENERAL INFORMATION
fixed length control field 250506b |||||||| |||| 00| 0 eng d
037 ## - SOURCE OF ACQUISITION
Terms of availability TB
040 ## - CATALOGING SOURCE
Original cataloging agency LCT
Transcribing agency LCt
041 ## - LANGUAGE CODE
Source of code eng
Language code of accompanying material other than librettos and transcripts eng
Language code of original eng
084 ## - COLON CLASSIFICATION NUMBER
Classification number Z2,7,11 M3;Q3
100 ## - MAIN ENTRY--PERSONAL NAME
Personal name Takwani, C.K.
245 ## - TITLE STATEMENT
Title Civil Procedure with Limitation Act, 1963/
250 ## - EDITION STATEMENT
Edition statement 7th ed.
260 ## - PUBLICATION, DISTRIBUTION, ETC.
Place of publication, distribution, etc. Lucknow:
Name of publisher, distributor, etc. Eastern Book Company,
Date of publication, distribution, etc. 2013
300 ## - PHYSICAL DESCRIPTION
Extent cxii, 837p.
650 ## - SUBJECT ADDED ENTRY--TOPICAL TERM
Topical term or geographic name entry element Civil Procedure
9 (RLIN) 681550
650 ## - SUBJECT ADDED ENTRY--TOPICAL TERM
Topical term or geographic name entry element Law
650 ## - SUBJECT ADDED ENTRY--TOPICAL TERM
Topical term or geographic name entry element Commercial Courts
9 (RLIN) 754394
650 ## - SUBJECT ADDED ENTRY--TOPICAL TERM
Topical term or geographic name entry element civil courts
9 (RLIN) 754395
650 ## - SUBJECT ADDED ENTRY--TOPICAL TERM
Topical term or geographic name entry element Pleadings
9 (RLIN) 684556
650 ## - SUBJECT ADDED ENTRY--TOPICAL TERM
Topical term or geographic name entry element Appearance of parties
9 (RLIN) 754396
942 ## - ADDED ENTRY ELEMENTS (KOHA)
Source of classification or shelving scheme Colon Classification (CC)
Koha item type Textbook
Classification part Z2,7,11 M3;Q3
Suppress in OPAC No
Holdings
Withdrawn status Lost status Source of classification or shelving scheme Damaged status Not for loan Home library Current library Shelving location Date acquired Source of acquisition Cost, normal purchase price Inventory number Total Checkouts Full call number Barcode Date last seen Price effective from Koha item type
    Colon Classification (CC)     Law Centre-II Library Law Centre-II Library General Stacks 2014-11-07 Singhal Publication 545.00 3430/07.11.2014   Z2,7,11 M3;Q3 LT0025074 2025-05-06 2025-05-06 Textbook
    Colon Classification (CC)     Law Centre-II Library Law Centre-II Library General Stacks 2014-11-07 Singhal Publication 545.00 3430/07.11.2014   Z2,7,11 M3;Q3:1 LT0025075 2025-05-06 2025-05-06 Textbook
    Colon Classification (CC)     Law Centre-II Library Law Centre-II Library General Stacks 2014-11-07 Singhal Publication 545.00 3430/07.11.2014   Z2,7,11 M3;Q3:2 LT0025076 2025-05-06 2025-05-06 Textbook
    Colon Classification (CC)     Law Centre-II Library Law Centre-II Library General Stacks 2014-11-07 Singhal Publication 545.00 3430/07.11.2014   Z2,7,11 M3;Q3:3 LT0025077 2025-05-06 2025-05-06 Textbook
    Colon Classification (CC)     Law Centre-II Library Law Centre-II Library General Stacks 2014-11-07 Singhal Publication 545.00 3430/07.11.2014   Z2,7,11 M3;Q3:4 LT0025078 2025-05-06 2025-05-06 Textbook
Copyright @ Delhi University Library System